000 00430nam a2200193Ia 4500
003 IT-RoPAU
008 120407s9999 xx 000 0 und d
040 _aIT-RoPAU
040 _cIT-RoPAU
041 _aita
100 _aGregorovius
245 _aStoria di Roma nel Medio Evo - 15.a ed. - voll. I-XVI
250 _aCittà di Castello
260 _c1938
300 _c29 cm
490 _v1
942 _cBK
999 _c22857
_d22857